S-P-O-R-C-L-E Movies 1-2-3 Quiz Stats

Quiz Updated Apr 20, 2016

Challenge
Share
Tweet
Score 0/21 Timer 05:00
7 Plays Today
% Correct
Superman
99.8%
Cars
98.1%
Robocop
92%
Psycho
84.3%
Legally Blonde
76.4%
Rush Hour
75.8%
Phone Booth
66.7%
Pretty in Pink
66.2%
Spy Kids
66.1%
Enchanted
65%
Con Air
64.9%
% Correct
Lost in Translation
64.2%
Stand by Me
63.6%
Labyrinth
58.8%
Octopussy
50.2%
Road to Perdition
47.7%
On Golden Pond
45.7%
Old School
43.9%
Cool Hand Luke
38.2%
Eastern Promises
21.1%
Eat Pray Love
17.6%

You're not logged in!

Compare scores with friends on all Sporcle quizzes.
Sign Up with Email
OR
Log In

You Might Also Like...

Show Comments

Extras

Top Quizzes Today


Score Distribution

Your Account Isn't Verified!

In order to create a playlist on Sporcle, you need to verify the email address you used during registration. Go to your Sporcle Settings to finish the process.

Report this User

Report this user for behavior that violates our Community Guidelines.

Details: